Loading...
| History - World | 0 | 5 | 0 | 0 | 50 | 102 | 124.60 | 0 | 0 | 3.76 | 20.77 |
| Religion | 0 | 5 | 1 | 1 | 45 | 119 | 140.80 | 0 | 2 | 2.84 | 15.90 |
| History - American | 0 | 4 | 0 | 2 | 40 | 88 | 130.25 | 0 | 1 | 4.00 | 11.99 |
| Modern World | 1 | 2 | 0 | 1 | 35 | 64 | 105.67 | 0 | 0 | 12.28 | 22.65 |
| Fine Arts - Other Arts | 0 | 2 | 0 | 0 | 20 | 110 | 130.50 | 1 | 1 | 1.75 | 12.67 |
| History - European | 0 | 2 | 0 | 2 | 20 | 147 | 150.50 | 0 | 0 | -0.05 | 1.06 |
| Literature - World | 0 | 2 | 0 | 0 | 20 | 128 | 144.00 | 0 | 0 | 1.84 | 10.26 |
| Other Science (Math) | 1 | 1 | 1 | 0 | 20 | 55 | 97.00 | 0 | 1 | 9.72 | 15.40 |
| Social Science | 0 | 2 | 0 | 0 | 20 | 114 | 114.00 | 1 | 1 | 2.98 | 13.33 |
| Science - Physics | 0 | 2 | 1 | 0 | 15 | 119 | 123.50 | 0 | 0 | 0.36 | 6.19 |
| Geography | 1 | 0 | 0 | 0 | 15 | 70 | 70.00 | 1 | 1 | 17.46 | 33.33 |
| Other Science (Earth Science) | 0 | 1 | 0 | 1 | 10 | 151 | 151.00 | 0 | 0 | -0.33 | 7.69 |
| Literature - British | 0 | 1 | 0 | 0 | 10 | 151 | 151.00 | 0 | 0 | 0.29 | 3.55 |
| Other Science (Mixed/Any) | 0 | 1 | 0 | 0 | 10 | 108 | 108.00 | 0 | 0 | 23.94 | 41.67 |
| Other Science (Engineering) | 0 | 1 | 0 | 0 | 10 | 90 | 90.00 | 0 | 1 | 37.06 | 80.00 |
| Other Academic | 0 | 1 | 0 | 0 | 10 | 147 | 147.00 | 0 | 0 | -0.11 | 1.11 |
| History - Other | 0 | 1 | 1 | 1 | 5 | 155 | 155.00 | 0 | 0 | 0.15 | 0.51 |
| Mythology | 0 | 1 | 1 | 0 | 5 | 113 | 113.00 | 0 | 1 | 4.56 | 13.33 |
| Science - Biology | 0 | 0 | 0 | 0 | 0 | 0.00 | 0 | 0 | 0.00 | 0.00 | |
| Science - Chemistry | 0 | 0 | 1 | 0 | -5 | 0.00 | 0 | 0 | 0.00 | 0.00 |